Normal view
MARC view
- Electric Power Research Institute
Entry Corporate Name
001 - CONTROL NUMBER
- control field: 101468
003 - CONTROL NUMBER IDENTIFIER
- control field: NUST
005 - DATE AND TIME OF LATEST TRANSACTION
- control field: 20221026190918.0
008 - FIXED-LENGTH DATA ELEMENTS
- fixed length control field: 221026|| aca||aabn | a|a d
040 ## - CATALOGING SOURCE
- Original cataloging agency: NUST
- Transcribing agency: NUST
110 ## - HEADING--CORPORATE NAME
- Corporate name or jurisdiction name as entry element: Electric Power Research Institute
670 ## - SOURCE DATA FOUND
- Source citation: Work cat.: (NUST)179282: Electric Power Research Institute., Electricity, today's technologies and tomorrow's alternatives /, c1981.
